|
|
|
|
| LEADER |
00000nam0a2200000 4500 |
| 001 |
50572 |
| 005 |
20231031033244.0 |
| 035 |
|
|
|a (RuTPU)RU\TPU\book\52952
|
| 090 |
|
|
|a 50572
|
| 100 |
|
|
|a 20030417d1979 k y0rusy50 ca
|
| 101 |
1 |
|
|a rus
|c eng
|
| 102 |
|
|
|a RU
|
| 105 |
|
|
|a a z 001zy
|
| 200 |
1 |
|
|a Материалы ядерных энергетических установок
|e пер. с англ.
|f Л. М. Уайэтт
|
| 210 |
|
|
|a Москва
|c Атомиздат
|d 1979
|
| 215 |
|
|
|a 255 с.
|c ил.
|
| 320 |
|
|
|a Библиогр. в конце глав.
|
| 320 |
|
|
|a Алф.- предм. указ.: с. 253-255.
|
| 610 |
1 |
|
|a ядерные энергетические установки
|
| 610 |
1 |
|
|a атомные электростанции
|
| 610 |
1 |
|
|a оборудование
|
| 610 |
1 |
|
|a коррозионная среда
|
| 610 |
1 |
|
|a напряжение
|
| 610 |
1 |
|
|a деформация
|
| 610 |
1 |
|
|a разрушение
|
| 610 |
1 |
|
|a стали
|
| 610 |
1 |
|
|a производство
|
| 610 |
1 |
|
|a сварка
|
| 610 |
1 |
|
|a конструкционные материалы
|
| 610 |
1 |
|
|a облучение
|
| 610 |
1 |
|
|a графит
|
| 610 |
1 |
|
|a ядерное топливо
|
| 610 |
1 |
|
|a корпуса
|
| 610 |
1 |
|
|a парогенераторы
|
| 610 |
1 |
|
|a трубопроводы
|
| 610 |
1 |
|
|a турбогенераторы
|
| 675 |
|
|
|a 621.039.53
|v 3
|
| 700 |
|
1 |
|a Уайэтт
|b Л. М.
|g Лесли Марк
|
| 801 |
|
1 |
|a RU
|b 63413507
|c 20030417
|g PSBO
|
| 801 |
|
2 |
|a RU
|b 63413507
|c 20111027
|g PSBO
|
| 900 |
|
|
|a Материалы ядерных установок
|
| 900 |
|
|
|a Материалы ядерных реакторов
|
| 900 |
|
|
|a Материалы ядерных энергетических установок
|
| 942 |
|
|
|c BK
|